UNDERSTANDING MEDIA: THE EXTENSIONS OF MAN /

Uloženo v:
Podrobná bibliografie
Hlavní autor: McLuhan, Marshall (autor)
Médium: Kniha
Edice:SIGNET BOOKS
Témata:
Tagy: Přidat tag
Žádné tagy, Buďte první, kdo vytvoří štítek k tomuto záznamu!

MARC

LEADER 00000nam^a2200000^a^4500
001 000232954
005 20250530000000.0
009 20260310104625.317
035 |a 052714 
037 |a Acervo Xavier Clavigero 
082 |a 302. 23  |b MAC 
100 |a McLuhan, Marshall  |e (autor) 
245 1 0 |a UNDERSTANDING MEDIA:  |b THE EXTENSIONS OF MAN /  |c MARSHALL MACLUHAN 
264 |a Nueva York, EUA :  |b New American Library,  |c 1964 
300 |a 318 p. 
336 |a texto  |b txt  |2 rdacontenido 
337 |a sin mediación  |b n  |2 rdamedio 
338 |a volumen  |b nc  |2 rdasoporte 
440 |a SIGNET BOOKS 
649 |a XX 
650 |a Medios de Comunicación 
910 |a Fondo General 
920 |a Impresos - Libros 
930 |a Colección General 
905 |a 101 
901 |a 052714  |b IT1  |c ACC  |i 052714  |u 20250521 
902 |a https://opac.biblio.iteso.mx/vufind/Record/000232954